Spanische Sprachwissenschaft: eine Einführung

I tiakina i:
Ngā taipitopito rārangi puna kōrero
Ngā kaituhi matua: Kabatek, Johannes (Author), Pusch, Claus D (Author)
Hōputu: Pukapuka
Reo:Tiamana
I whakaputaina: Tubinga Gunter Narr 2009
Putanga:1a. ed
Rangatū:Bachelor-Wissen
Ngā marau:
Ngā Tūtohu: Tāpirihia he Tūtohu
Kāore He Tūtohu, Me noho koe te mea tuatahi ki te tūtohu i tēnei pūkete!

MARC

LEADER 00000nam a2200000 a 4500
001 UCG3082
003 CL-VaPUC
008 100812e20090000GW |||||||||||||||||ger|d
020 |a 9783823364047 
082 0 4 |a 460  |b KAB  |2 21 
100 |a Kabatek, Johannes  |e author  |9 551911 
700 0 |a Pusch, Claus D  |e author  |9 551912 
245 1 0 |a Spanische Sprachwissenschaft: eine Einführung 
250 |a 1a. ed 
300 |a 308 p 
942 |c BK 
945 |d 20100812 00:00:00  |a cmena 
260 |a Tubinga  |b Gunter Narr  |c 2009 
650 0 |a Lingüística española  |9 353524 
650 0 |a Sintaxis  |9 318843 
650 7 |a MORFOLINGUISTICA  |2 CL-VaPUC  |9 551913 
650 0 |a Investigación lingüística  |9 329785 
650 0 |a Fonética  |9 308371 
583 |a last modification  |c 20100812 00:00:00  |k Rodrigo Vera 
490 0 |a Bachelor-Wissen 
999 |c 342180  |d 342178 
952 |0 0  |1 0  |4 0  |6 460_000000000000000_KAB_2009  |7 0  |8 A  |9 438228  |a FDOPOS  |b FDOPOS  |d 2019-11-22  |i 4707923  |o 460 KAB 2009  |p 4707923  |r 2025-01-22  |w 2019-11-22  |y BK  |k DLA